| 000 | 00274nam a22001217a 4500 | ||
|---|---|---|---|
| 999 |
_c23306 _d23306 |
||
| 003 | Nust | ||
| 005 | 20170412153305.0 | ||
| 008 | 170330b xxu||||| |||| 00| 0 eng d | ||
| 020 | _a0582285402 | ||
| 040 |
_aDLC _bDLC _cRCMS |
||
| 082 |
_a658.45 REU _22nd ,ed. |
||
| 100 | _aCAROL REUSS AND DONN SILVIS | ||
| 245 |
_aInside Organizational Communication _bInternational Association of Business Communicators |
||
| 250 | _a2nd ,ed. | ||
| 260 |
_aS.T Printers Rawalpindi _bNational Book Foundation _cc 1984 |
||
| 300 |
_axi,368,p: _bill: _c26,cm. |
||
| 538 | _iShelf # 15, Row # 4, Communication. | ||
| 650 | _aBusiness & Economics | ||
| 856 | _3Table of Content Only | ||
| 942 |
_cBK _2ddc |
||